Perfecting Women; Maulana Ashraf Ali Thanwi`s Bihishti Zewar (Record no. 11603)
[ view plain ]
| 000 -LEADER | |
|---|---|
| fixed length control field | 00625nam a2200229 a 4500 |
| 020 ## - INTERNATIONAL STANDARD BOOK NUMBER | |
| ISBN | 0520939 |
| 082 00 - DEWEY DECIMAL CLASSIFICATION NUMBER | |
| Classification number | 305.480297 |
| Author Cutter | THA |
| 100 ## - MAIN ENTRY--AUTHOR NAME | |
| Author name | Thanwi, Ashraf Ali |
| 245 ## - TITLE STATEMENT | |
| Title | Perfecting Women; Maulana Ashraf Ali Thanwi`s Bihishti Zewar |
| 260 ## - PUBLICATION, DISTRIBUTION, ETC. (IMPRINT) | |
| Place of publication | Berkeley |
| Name of publisher | University of California Press |
| Year of publication | 1990 |
| 300 ## - PHYSICAL DESCRIPTION | |
| Number of Pages | 436p |
| 500 ## - GENERAL NOTE | |
| General note | includes index and biblioraphy |
| 505 2# - FORMATTED CONTENTS NOTE | |
| Formatted contents note | Index, Bibliography |
| 650 ## - SUBJECT ADDED ENTRY--TOPICAL TERM | |
| Topical Term | Women in Islam |
| 942 ## - ADDED ENTRY ELEMENTS (KOHA) | |
| Koha item type | Books |
| Collection code | Home library | Current library | Date acquired | Cost, normal purchase price | Full call number | Accession Number | Koha item type |
|---|---|---|---|---|---|---|---|
| Henry Martyn Institute Library | Henry Martyn Institute Library | 03/26/2007 | 100.00 | 305.480297 THA | 015298 | Books |
